Loading...
| Literature - British Literature | 3 | 1 | 0 | 1 | 55 | 15 | 62.00 | 3 | 4 |
| Mythology | 0 | 5 | 1 | 2 | 45 | 60 | 98.60 | 1 | 3 |
| History - Other History | 1 | 1 | 0 | 1 | 25 | 56 | 90.50 | 0 | 1 |
| Science - Biology | 0 | 3 | 1 | 1 | 25 | 97 | 109.67 | 0 | 3 |
| Philosophy | 0 | 2 | 0 | 1 | 20 | 91 | 116.50 | 1 | 1 |
| Social Science | 1 | 1 | 1 | 1 | 20 | 66 | 93.00 | 0 | 2 |
| Science - Chemistry | 0 | 1 | 0 | 1 | 10 | 133 | 133.00 | 0 | 1 |
| Other Academic | 0 | 1 | 0 | 1 | 10 | 132 | 132.00 | 0 | 0 |
| History - European History | 0 | 1 | 0 | 1 | 10 | 98 | 98.00 | 0 | 0 |
| Literature - American Literature | 0 | 1 | 0 | 0 | 10 | 93 | 93.00 | 1 | 1 |
| Literature - European Literature | 0 | 1 | 0 | 0 | 10 | 79 | 79.00 | 0 | 1 |
| Fine Arts - Other Fine Arts | 0 | 1 | 0 | 1 | 10 | 117 | 117.00 | 0 | 0 |
| Pop Culture | 0 | 1 | 0 | 0 | 10 | 145 | 145.00 | 0 | 1 |
| Religion | 0 | 1 | 1 | 1 | 5 | 137 | 137.00 | 0 | 0 |